| 000 | 00823nam a2200217Ii 4500 | ||
|---|---|---|---|
| 003 | JO-AjNU | ||
| 008 | 230605s9999||||xx |||||||||||||| ||und|| | ||
| 017 | _a1998/7/1102 | ||
| 040 |
_aJO-AjNU _bara _erda _cJO-AjNU |
||
| 041 | _aara | ||
| 050 | 1 | 4 | _aDS62.8.D43 1998 |
| 100 | 3 |
_aحوار شرف، ليلى، حوار لبيب قمحاوي، حوارهشام غضيب, _eauthor _946300 |
|
| 245 | 0 | 0 | _aالأمة والهوية: حوار الشهر "1" مع المفكر الدكتور احمد صدقي الدجاني |
| 250 | _aط1 | ||
| 264 | 3 | 1 | _aعمان: مؤسسة عبد الحميد شومان، 1998 |
| 300 | _a48ص | ||
| 336 |
_atext _btxt _2rdacontent |
||
| 337 |
_aunmediated _bn _2rdamedia |
||
| 338 |
_avolume _bnc _2rdacarrier |
||
| 650 | 4 |
_aقومية عربية - عالم عربي - تاريخ _946301 |
|
| 999 |
_aA20131 _c23699 _d23699 |
||